Países del Mediterráneo - ¡Muerte súbita! - Estadísticas

Estadísticas generales
  • Esta prueba ha sido intentada 49 veces
  • La puntuación promedio es 15 de 24
Answers on the Grid
Answers color-coded by a green-red scale on the quiz's grid according to % correct below.
España
Portugal
Andorra
Francia
Israel
Acrotiri y Dhekeila
Chipre
Malta
Argelia
Gibraltar
Eslovenia
Hungría
Moldavia
Albania
Bosnia y Herzegovina
Croacia
Egipto
Grecia
Finlandia
San Marino
Italia
Líbano
Jordania
Marruecos
Mónaco
Montenegro
Siria
Túnez
Libia
Túnez
Turquía
Turkmenistán
Azerbaiyán
Rusia
Suiza
Bélgica
Kosovo
Serbia
Camerún
Chad
Mauricio
Arabia Saudí
Bulgaria
Irlanda
Ucrania
República Checa
Austria
Azores
Estonia
Eritrea
 
Estadísticas de respuestas
Respuesta % Correcto
España
100%
Grecia
84%
Malta
81%
Chipre
78%
Croacia
78%
Francia
78%
Argelia
72%
Egipto
69%
Italia
69%
Israel
66%
Mónaco
66%
Turquía
66%
Albania
63%
Marruecos
63%
Túnez
63%
Túnez
59%
Bosnia y Herzegovina
53%
Líbano
50%
Libia
50%
Eslovenia
47%
Gibraltar
47%
Montenegro
44%
Siria
31%
Acrotiri y Dhekeila
13%
No se encontraron pruebas coincidentes
Distribución de puntuación
Porcentaje de gente con cada puntuación
Porcentaje por número respondido
Historial de tus puntuaciones
No has intentado esta prueba.